Công nghiệp hóa XHCN chặng đường đầu tiên của thời kì quá độ

Đã lưu trong:
书目详细资料
主要作者: Lê Xuân Tùng
格式: 图书
语言:Undetermined
出版: Hà Nội Sự thật 1985
主题:
标签: 添加标签
没有标签, 成为第一个标记此记录!
Thư viện lưu trữ: Trung tâm Học liệu Trường Đại học Cần Thơ
LEADER 00629nam a2200169Ia 4500
001 CTU_5880
008 210402s9999 xx 000 0 und d
082 |a 338.9 
082 |b T513 
100 |a Lê Xuân Tùng 
245 0 |a Công nghiệp hóa XHCN chặng đường đầu tiên của thời kì quá độ 
245 0 |c Lê Xuân Tùng 
260 |a Hà Nội 
260 |b Sự thật 
260 |c 1985 
650 |a economic development projects,industrialization,industry and state - vietnam,vietnam - economic policy - 1960 - 1986 
980 |a Trung tâm Học liệu Trường Đại học Cần Thơ